000 00698nam a2200181Ia 4500
008 100920s9999 xx 000 0 und d
082 _b70898
_a891.43 थ 96
100 _aनैमिशराय मोहनदास.
245 _aबाबा साहेब और उनके संस्मरण.
260 _bसंगीता प्रकाशन, दिल्ली.
_c1996
300 _a64
_bसाधी
365 _b40
520 _aहिंदी.
630 _aबाबा साहेब और उनके संस्मरण.
650 _aहिंदी.
730 _aबाबा साहेब और उनके संस्मरण.
942 _cBOOK
999 _c712859
_d712856